000 00642nam a2200217Ia 4500
003 IN-BaIIA
008 211028s9999 xx 000 0 eng d
020 _a0-930594-01-0
040 _cIIA Library
080 _a519.68
_bWEL
100 _aWeller, W. J
_910420
245 0 _aPractical microcomputer programming
_bthe Intel 8080
_cW.J. Weller, A.V. Shatzel and H.Y. Nice.
260 _aChicago
_bDirect
_c1976
300 _aix, 306p.
650 _aAstronomy and astrophysics thesaurus
650 _aComputer programming
650 _aMicrocomputers
_99969
700 _aNice, H. Y.
_910421
700 _aShatzel, A. V.
_910422
942 _cBK
999 _c6003
_d6003